iPhone & iPad web design for dummies (Record no. 71438)

000 -LEADER
fixed length control field 00984cam a22002657a 4500
001 - CONTROL NUMBER
control field 16828370
003 - CONTROL NUMBER IDENTIFIER
control field NUST - PNEC
005 - DATE AND TIME OF LATEST TRANSACTION
control field 20170116181200.0
008 - FIXED-LENGTH DATA ELEMENTS--GENERAL INFORMATION
fixed length control field 110615s2011 njua 001 0 eng d
010 ## - LIBRARY OF CONGRESS CONTROL NUMBER
LC control number 2011932087
020 ## - INTERNATIONAL STANDARD BOOK NUMBER
International Standard Book Number 9781118006436
020 ## - INTERNATIONAL STANDARD BOOK NUMBER
International Standard Book Number 1118006437
040 ## - CATALOGING SOURCE
Transcribing agency LIBRARY
082 ## - DEWEY DECIMAL CLASSIFICATION NUMBER
Classification number 006.775 WAR
100 1# - MAIN ENTRY--PERSONAL NAME
Personal name Warner, Janine,
Dates associated with a name 1967-
245 10 - TITLE STATEMENT
Title iPhone & iPad web design for dummies
Statement of responsibility, etc. by Janine Warner, David LaFontaine
246 3# - VARYING FORM OF TITLE
Title proper/short title iPhone and iPad web design for dummies
260 ## - PUBLICATION, DISTRIBUTION, ETC.
Place of publication, distribution, etc. Hoboken, NJ :
Name of publisher, distributor, etc. Wiley Publishing,Inc.
Date of publication, distribution, etc. 2011.
300 ## - PHYSICAL DESCRIPTION
Extent xiv, 338 p. :
Other physical details ill. ;
Dimensions 24 cm.
490 1# - SERIES STATEMENT
Series statement --For dummies
520 ## - SUMMARY, ETC.
Summary, etc. Grab your place in the mobile future with fully featured websites that look great on any screen!
650 #0 - SUBJECT ADDED ENTRY--TOPICAL TERM
Topical term or geographic name entry element iPhone (Smartphone)
General subdivision MIS / Computer
856 ## - ELECTRONIC LOCATION AND ACCESS
Uniform Resource Identifier <a href="http://www.amazon.com/iPhone-iPad-Web-Design-Dummies/dp/1118006437/ref=sr_1_1?s=books&ie=UTF8&qid=1455170076&sr=1-1&keywords=9781118006436">http://www.amazon.com/iPhone-iPad-Web-Design-Dummies/dp/1118006437/ref=sr_1_1?s=books&ie=UTF8&qid=1455170076&sr=1-1&keywords=9781118006436</a>
942 ## - ADDED ENTRY ELEMENTS (KOHA)
Source of classification or shelving scheme
Koha item type Book
Holdings
Withdrawn status Lost status Source of classification or shelving scheme Damaged status Not for loan Permanent Location Current Location Shelving location Date acquired Source of acquisition Cost, normal purchase price Total Checkouts Full call number Barcode Date last seen Cost, replacement price Price effective from Koha item type
          Pakistan Navy Engineering College (PNEC) Pakistan Navy Engineering College (PNEC)     ZS Book Agency / Lib Grant 2097.09   006.775 WAR PNECLIB-032462 02/11/2016 2097.09   Book
© 2023 Central Library, National University of Sciences and Technology. All Rights Reserved.